00580 aa a2200181 450000500170000001000060001702000230002303500120004603700080005808200080006610000520007424501190012624600090024526000740025427000120032830000520034049000060039220120608121144.0 a  c250.00a8178570939 aB-69059 bpub a612 aचितले, पुरूषोत्तम aहमारा शरीर रचना और कार्य /cपुरूषोत्तम चितले a b  aदिल्लीbसाहित्य प्रकाशनc2001 a b e  a240पृc22 सेमी (अजिल्द) a